000 00245nam a2200097Ia 4500
008 231212s1988 xx 000 0 und d
041 _aeng
100 _aDe. Das P.N.
245 _aAn Introducation To telephony
260 _aCalcutta
_bHolt Sa
_c1988
999 _c960313
_d960313